Hoofdsteden van amerikaanse staten - Statistieken

Algemene statistieken
  • Deze quiz is 130 keer genomen
  • De gemiddelde score is 22 van 50
Antwoordstatistieken
Hint Antwoord % Correct
Massachusetts Boston
70%
Georgia Atlanta
69%
Hawai Honolulu
67%
Indiana Indianapolis
67%
Colarado Denver
66%
Californie Sacramento
66%
Texas Austin
64%
Arizona Phoenix
61%
Utah Salt Lake City
59%
New Mexico Santa Fe
51%
Florida Tallahassee
51%
New York Albany
48%
Louisiana Baton Rouge
48%
Idaho Boise
48%
Mississippi Jackson
46%
Alaska Juneau
46%
Tennessee Nashville
46%
Oregon Salem
46%
Maryland Annapolis
44%
Nevada Carson City
43%
Arkansas Little Rock
43%
West Virginia Charleston
41%
Iowa Des Moines
41%
Montana Helena
41%
Oklohoma Oklohoma City
41%
Illinois Springfield
41%
Maine Augusta
39%
North Dakota Bismarck
38%
Wyoming Cheyenne
38%
Delaware Dover
38%
Kentucky Frankfort
38%
Michigan Lansing
38%
Alabama Montgomery
38%
Washington Olympia
38%
South Dakota Pierre
38%
Ohio Columbus
36%
North Carolina Raleigh
36%
Minnesota Saint Paul
36%
Pennsylvania Harrisburg
34%
Connecticut Hartford
34%
Nebraska Lincoln
34%
South Carolina Columbia
33%
Virginia Richmond
33%
Kansas Topeka
33%
Missouri Jefferson City
30%
Vermont Montpelier
30%
Rhode Island Providence
30%
New Jersey Trenton
30%
New Hampshire Concord
26%
Wisconsin Madison
25%
Geen overeenkomende quizzen gevonden
Scoreverdeling
Procent van Mensen met Elke Score
Percentiel versus Aantal Correcte Antwoorden
Uw Scoregeschiedenis
U heeft deze quiz nog niet genomen